K voprosu ob akcionirovanii gosudarstvennych predprijatij.
Úvahy k problému, či premena štátnych podnikov na účastinné môže viesť k prekonaniu odcudzenia pracovníkov od výrobných prostriedkov. Ak sa však uskutočnenie reformy opiera o ekonomické záujmy strednej a veľkej buržoázie, potom sa otázka prekonania odcudzenia odsúva do pozadia. V akom prípade môže i...
Guardado en:
| Autor principal: | |
|---|---|
| Otros Autores: | |
| Formato: | Capítulo de libro |
| Lenguaje: | ruso |
| Materias: | |
| Etiquetas: |
Sin Etiquetas, Sea el primero en etiquetar este registro!
|
MARC
| LEADER | 00000naa a2200000 4500 | ||
|---|---|---|---|
| 001 | r005904 | ||
| 005 | 20221130102902.9 | ||
| 041 | 0 | |a rus | |
| 044 | |a [SU] | ||
| 245 | 1 | 0 | |a K voprosu ob akcionirovanii gosudarstvennych predprijatij. |c P. Mjagkov, E. Fesenko |
| 520 | |a Úvahy k problému, či premena štátnych podnikov na účastinné môže viesť k prekonaniu odcudzenia pracovníkov od výrobných prostriedkov. Ak sa však uskutočnenie reformy opiera o ekonomické záujmy strednej a veľkej buržoázie, potom sa otázka prekonania odcudzenia odsúva do pozadia. V akom prípade môže i pri zachovaní štátnych podnikov dôjsť k tomu, aby sa pracujúci stali aj hospodármi. | ||
| 610 | 2 | 0 | |a podnik štátny |
| 610 | 2 | 0 | |a spoločnosti akciové |
| 610 | 2 | 0 | |a reformy hospodárske |
| 610 | 2 | 0 | |a záujmy ekonomické |
| 610 | 2 | 0 | |a vzťah k práci |
| 610 | 2 | 0 | |a prostriedky výrobné |
| 100 | 1 | |a Mjagkov, P. | |
| 700 | 1 | |a Fesenko, E. | |